| 000 | 00608nam a22001697a 4500 | ||
|---|---|---|---|
| 003 | LK-CoMWRAF | ||
| 005 | 20240217001912.0 | ||
| 008 | 231031b |||||||| |||| 00| 0 eng d | ||
| 040 |
_aLK-CoMWRAF _dLK-CoMWRAF _eLK-CoMWRAF |
||
| 041 | _asin | ||
| 082 |
_b320.54 _aSAK |
||
| 100 | _aසකරියා, ෆයිසූන් | ||
| 245 |
_aබලසතුකරණය කෂණික විසඳුමක්ද? : _bනැතිනම් මැජික් උණ්ඩයක්ද? |
||
| 260 |
_aColombo : _bMuslim Women's Research and Action Forum - MWRAF, _c2013 |
||
| 300 | _a12 p. : 21 cm. | ||
| 942 | _cBK | ||
| 999 |
_c4053 _d4053 |
||